000 00393nam a2200169Ia 4500
005 20250423095031.0
008 250422s9999 xx 000 0 und d
020 _a9789780295684
050 _aPE 1128 .A2 .B36/
100 _aBanjo, Ayo L.
245 0 _aDevelopmental english
260 _aIbadan
260 _bSpectrum Books Limited
260 _c2006
300 _a242 p
942 _cBK
999 _c29036
_d29036